Rareté des brainrot - Statistiques

Statistiques générales
  • Ce quiz a été pris 35 fois
  • Le résultat moyen est 2 sur 10
Statistiques - réponses
Rareté Brainrot % Correct
OG Strawberry éléphant
75%
Admin 67
39%
Commun Ta ta ta sahur
21%
Légendaire Chimpanzini bananini
11%
Rare Gangster footera
7%
Brainrot God Ballerino lololo
4%
Secret Garama and Madungdung
4%
Mythique Gorillo watermelondrillo
4%
Taco Los Noo My Hotspositos
4%
Épique Wombo rollo
4%
Aucun quiz correspondant
Distribution des résultats
% des personnes avec chaque résultat
Percentile par nombre de réponses
Votre historique - résultats
Vous n’avez pas pris ce quiz